| 000 | 00769nas a2200229Ia 4500 | ||
|---|---|---|---|
| 001 | A03/R024-41983 | ||
| 003 | IT-MiCISF | ||
| 005 | 20250707114611.0 | ||
| 008 | 161014c99999999xx |||||||||||| ||und|| | ||
| 040 |
_aIT-MiCISF _cIT-MiCISF |
||
| 041 | _ait | ||
| 100 |
_aDonati Pierpaolo (et al.) _956154 |
||
| 245 | 0 | _aQuali politiche familiari? Le priorità per il nuovo Governo | |
| 250 | _a"Famiglia oggi", n. 4, aprile | ||
| 260 | _c2006 | ||
| 300 | _app. 8-46 | ||
| 500 | _apolitica-familiare, società , territorio, legislazione, reddito, servizi-sociali | ||
| 650 |
_apolitica familiare _vdossier _960638 |
||
| 700 |
_aBelletti F., Prandini R., Fornari P.L., Formenti L., _a Forum delle Associazioni Familiari _962400 |
||
| 942 |
_cCR _2ddc |
||
| 999 |
_c240727 _d240727 |
||
| 999 | _bSi | ||